|
|
|
|
| LEADER |
00837nam a2200241 a 4500 |
| 001 |
4015771 |
| 008 |
110731s1998 iaua b 001 0 eng |
| 010 |
|
|
|a 97015290
|
| 020 |
|
|
|a 0697285634
|
| 040 |
|
|
|a DLC
|c DLC
|d DLC
|d BD-DhAAL
|
| 082 |
0 |
0 |
|a 570
|2 21
|
| 100 |
1 |
|
|a Lewis, Ricki.
|
| 245 |
1 |
0 |
|a Life /
|c Ricki Lewis.
|
| 250 |
|
|
|a 3rd ed.
|
| 260 |
|
|
|a Boston, Mass. :
|b WCB/McGraw-Hill,
|c c1998.
|
| 300 |
|
|
|a xxvii, 976 p. :
|b col. ill. ;
|c 29 cm.
|
| 504 |
|
|
|a Includes bibliographical references and index.
|
| 541 |
|
|
|e 00023258
|
| 650 |
|
0 |
|a Biology.
|
| 650 |
|
0 |
|a Human biology.
|
| 852 |
1 |
|
|a Ayesha Abed Library
|c General Shelf.
|
| 999 |
|
|
|c 11153
|d 11153
|
| 952 |
|
|
|0 0
|1 0
|2 ddc
|4 0
|6 570_LEW
|7 0
|9 17704
|a BRACUL
|b BRACUL
|c GEN
|d 2011-07-26
|e Donation from the Asia Foundation
|l 6
|m 15
|o 570 LEW
|p 3010023258
|r 2026-03-08
|s 2026-02-17
|t 1
|w 2011-08-01
|y BK
|